Welcome to the Holygrace Academy Library

Please use search bar below to get started

THE INDIAN EXPERIENCE (Record no. 3082)

MARC details
000 -LEADER
fixed length control field 00278nam a22001217a 4500
082 ## - DEWEY DECIMAL CLASSIFICATION NUMBER
Classification number 904
Item number UBE/I
100 ## - MAIN ENTRY--AUTHOR NAME
Personal name BARRETT,KEN
100 ## - MAIN ENTRY--AUTHOR NAME
Personal name SHARMA,SURESH
245 ## - TITLE STATEMENT
Title THE INDIAN EXPERIENCE
260 ## - PUBLICATION, DISTRIBUTION, ETC. (IMPRINT)
Place of publication HONG KONG
Name of publisher J S UBEROI
650 ## - SUBJECT ADDED ENTRY--TOPICAL TERM
Topical Term GENERAL KNOWLEDGE
Geographic subdivision HONG KONG
942 ## - ADDED ENTRY ELEMENTS (KOHA)
Koha item type Books
Holdings
Withdrawn status Lost status Collection code Home library Current library Shelving location Date acquired Source of acquisition Full call number Accession Number Koha item type
    Reference Main Library Main Library SHELF 2-H -WORLD OF FACTS,ALL ABOUT NATION&ENCYCLOPEDIAS 03/08/2009 PURCHASE 904 UBE/I 09766 Books